[Event "Ulm/Neu Ulm-ch"]
[Site "Ulm/Neu Ulm"]
[Date "2008.10.17"]
[Round "3"]
[White "Anistratov, Dmitrij"]
[Black "Deissler, Helmut"]
[Result "1-0"]
[WhiteElo "2333"]
[BlackElo "1988"]
[PlyCount "93"]
[EventDate "2008.09.19"]
[EventType "swiss"]
[EventRounds "7"]
[EventCountry "GER"]
[SourceTitle "EXT 2011"]
[Source "ChessBase"]
[SourceDate "2010.11.26"]
[SourceVersion "1"]
[SourceVersionDate "2010.11.26"]
[SourceQuality "1"]

1. Nf3 d5 2. g3 Nf6 3. Bg2 Bf5 4. c4 dxc4 5. Na3 Be6 6. Qc2 c6 7. Nxc4 g6 8. b3 Bg7 9. Bb2 0-0 10. 0-0 Na6 11. a3 Bd5 12. d3 Bxf3 13. Bxf3 Nd7 14. d4 Qc7 15. Rac1 Rac8 16. b4 e5 17. dxe5 Nxe5 18. Bxe5 Bxe5 19. Qb3 Qe7 20. Qe3 Bf6 21. Qxa7 Ra8 22. Qb6 Rab8 23. Rc2 Rfd8 24. Qe3 Qxe3 25. Nxe3 Nc7 26. Nc4 Nb5 27. Kg2 Ra8 28. Ra2 Nc3 29. Rb2 Nb5 30. Rb3 Nd4 31. Rd3 Nxf3 32. Rxf3 Kg7 33. Rc1 Rd4 34. Rb3 Bd8 35. e3 Rd5 36. Rc2 f5 37. h4 Kf6 38. Kf3 Ke6 39. Ke2 Kd7 40. Nb2 Bc7 41. Nd3 Bd6 42. Rc4 Re8 43. Kd2 Re6 44. Ke2 b5 45. Rc2 Be5 46. Nxe5+ Kd6 47. Nxc6 1-0

[Event "Ulm/Neu Ulm-ch"]
[Site "Ulm/Neu Ulm"]
[Date "2008.09.19"]
[Round "1"]
[White "Rieken, Bernd"]
[Black "Deissler, Helmut"]
[Result "0-1"]
[WhiteElo "1542"]
[BlackElo "1988"]
[PlyCount "120"]
[EventDate "2008.09.19"]
[EventType "swiss"]
[EventRounds "7"]
[EventCountry "GER"]
[SourceTitle "EXT 2011"]
[Source "ChessBase"]
[SourceDate "2010.11.26"]
[SourceVersion "1"]
[SourceVersionDate "2010.11.26"]
[SourceQuality "1"]

1. e4 c5 2. Bc4 d6 3. Ne2 Nf6 4. d3 e6 5. Bg5 Be7 6. Bxf6 Bxf6 7. Nbc3 0-0 8. 0-0 Nc6 9. a4 b6 10. f4 Nd4 11. Nxd4 Bxd4+ 12. Kh1 Bb7 13. Qg4 d5 14. Bb3 Bxc3 15. bxc3 dxe4 16. f5 exf5 17. Qxf5 Qe7 18. dxe4 Bxe4 19. Qg4 Kh8 20. Rae1 f5 21. Qe2 Rad8 22. Kg1 Qg5 23. Rd1 h6 24. Bc4 Qf6 25. g4 Qg6 26. h3 fxg4 27. Qxg4 Qxg4+ 28. hxg4 Bxc2 29. Rxd8 Rxd8 30. Rf7 a5 31. Bb5 Kh7 32. Rb7 Rd6 33. Kf2 Be4 34. Rb8 Bd3 35. c4 Rd4 36. Rxb6 Rxg4 37. Ra6 Bxc4 38. Rxa5 Bxb5 39. axb5 Rb4 40. b6 Rxb6 41. Rxc5 g5 42. Kg3 Kg6 43. Rc8 Rb3+ 44. Kh2 Kh5 45. Rc6 g4 46. Kg2 Kg5 47. Rc8 h5 48. Rc4 Rb2+ 49. Kg1 Kh4 50. Rc3 g3 51. Rc5 Kg4 52. Rc1 h4 53. Rc4+ Kh3 54. Rc1 Rb3 55. Rd1 Kg4 56. Rd4+ Kf3 57. Rd1 h3 58. Rf1+ Ke2 59. Rc1 Rd3 60. Rc2+ Rd2 0-1